| 000 | 00374nam a2200157Ia 4500 | ||
|---|---|---|---|
| 008 | 200305s9999 xx 000 0 und d | ||
| 020 | _a81-7216-001-1 | ||
| 082 | _a796.069 | ||
| 082 | _bDHO | ||
| 100 | _aDHEERS | ||
| 245 | _aORGANISATION AND ADMINISTRATION OF PHY | ||
| 260 |
_aNEW DELHI _bFRIEND PUB |
||
| 300 | _a406 | ||
| 650 | _aPHYSICAL EDUCATION | ||
| 999 |
_c34532 _d34532 |
||
| 041 | _aeng | ||